<?xml version="1.0" encoding="UTF-8"?>
<record
    xmlns:xsi="http://www.w3.org/2001/XMLSchema-instance"
    xsi:schemaLocation="http://www.loc.gov/MARC21/slim http://www.loc.gov/standards/marcxml/schema/MARC21slim.xsd"
    xmlns="http://www.loc.gov/MARC21/slim">

  <leader>00398nam a22001217a 4500</leader>
  <datafield tag="999" ind1=" " ind2=" ">
    <subfield code="c">10320</subfield>
    <subfield code="d">10320</subfield>
  </datafield>
  <controlfield tag="003">OSt</controlfield>
  <controlfield tag="008">201203b           ||||| |||| 00| 0 eng d</controlfield>
  <datafield tag="245" ind1=" " ind2=" ">
    <subfield code="a">Textile Trends</subfield>
  </datafield>
  <datafield tag="250" ind1=" " ind2=" ">
    <subfield code="a">2012(Jan Vol.54 No.10, Feb Vol.54 No.11, Mar Vol.54 No.12, Apr Vol.55 No.1, May Vol.55 No.2, Jun Vol.55 No.3)</subfield>
  </datafield>
  <datafield tag="260" ind1=" " ind2=" ">
    <subfield code="a">Kolkata</subfield>
    <subfield code="b">Eastland Publications Pvt Ltd's</subfield>
  </datafield>
  <datafield tag="650" ind1=" " ind2=" ">
    <subfield code="a">Textile Engineering</subfield>
  </datafield>
  <datafield tag="942" ind1=" " ind2=" ">
    <subfield code="2">ddc</subfield>
    <subfield code="c">BV</subfield>
  </datafield>
  <datafield tag="952" ind1=" " ind2=" ">
    <subfield code="0">0</subfield>
    <subfield code="1">0</subfield>
    <subfield code="2">ddc</subfield>
    <subfield code="3">Bound Volume</subfield>
    <subfield code="4">0</subfield>
    <subfield code="7">1</subfield>
    <subfield code="8">BTECHTE</subfield>
    <subfield code="a">PIET</subfield>
    <subfield code="b">PIET</subfield>
    <subfield code="d">2021-01-11</subfield>
    <subfield code="e">Eastland Publications Pvt Ltd's</subfield>
    <subfield code="h">2012(Jan Vol.54 No.10, Feb Vol.54 No.11, Mar Vol.54 No.12, Apr Vol.55 No.1, May Vol.55 No.2, Jun Vol.55 No.3)</subfield>
    <subfield code="l">0</subfield>
    <subfield code="p">BV988</subfield>
    <subfield code="r">2021-01-11 00:00:00</subfield>
    <subfield code="w">2012-01-09</subfield>
    <subfield code="y">BV</subfield>
  </datafield>
</record>
